Normal view
MARC view
Entry Personal Name
001 - CONTROL NUMBER
- control field: 16754
003 - CONTROL NUMBER IDENTIFIER
- control field: ARRUPE
005 - DATE AND TIME OF LATEST TRANSACTION
- control field: 20150327164514.0
008 - FIXED-LENGTH DATA ELEMENTS
- fixed length control field: 150327|| aca||aabn | a|a d
040 ## - CATALOGING SOURCE
- Original cataloging agency: ARRUPE
- Transcribing agency: ARRUPE
100 ## - HEADING--PERSONAL NAME
- Personal name: Marc R. Spindler (series editor)
670 ## - SOURCE DATA FOUND
- Source citation: Work cat.: (ARRUPE): Hinfelaar, H.F. 16747, Bemba-speaking women in Zambia in a century of religious change (1892-1992), 1994